| 000 | 00944cam a2200325 a 4500 | ||
|---|---|---|---|
| 001 | 22533 | ||
| 003 | SK-KTurca | ||
| 005 | 20260331153634.0 | ||
| 008 | 240314s2013 xo g 000 f slo | ||
| 015 | _aSNBA2013 | ||
| 020 |
_a9788055132310 _q(viaz.) |
||
| 035 | _a79473D0D-637C-427B-BDA9-F7DFADDB332F | ||
| 035 | _aurn:nbn:sk:snk-amjmkx | ||
| 035 | _aurn:nbn:sk:snk-am002ffu | ||
| 040 |
_aSVKBB _bslo _cSVKBB _dSNK _eAACR2 |
||
| 041 | 0 | _aslo | |
| 044 |
_axo _cSK |
||
| 072 | 7 |
_a821.162.4-3 _xSlovenská próza _2konspekt |
|
| 080 |
_a821.162.4-31 _22001 |
||
| 080 |
_a(0:82-31) _22001 |
||
| 100 | 1 |
_aBoldišová, Andrea _4aut |
|
| 245 | 1 | 0 |
_aOkno do duše _cAndrea Boldišová |
| 250 | _a1. vyd. | ||
| 260 |
_aBratislava _bIkar _c2013 |
||
| 300 |
_a324 s. _c17 cm |
||
| 655 | 7 |
_aslovenské romány _2SNKPH |
|
| 655 | 7 |
_aSlovak fiction _2SNKPHeng |
|
| 942 |
_2ddc _cKLDO _n0 |
||
| 999 |
_c22533 _d22533 |
||